000 00393nam a22001697a 4500
005 20160629121256.0
008 160629b xxu||||| |||| 00| 0 eng d
020 _a81-85749-51-5
041 _aeng
082 _b11991
100 _aVerma, A.P
_93160
245 _aMachine Design
260 _bS.K. Kataria & Sons
_c2012
300 _a460
650 _aDiploma Engineering
_9817
942 _cBK
999 _c4628
_d4626